| 000 | 00996nam a2200301 a 4500 | ||
|---|---|---|---|
| 001 | 000112424 | ||
| 003 | CHAP | ||
| 005 | 20220329144305.0 | ||
| 008 | 160316s2014 mx a |r| |||0|||spa d | ||
| 010 | _a108885 | ||
| 011 | _a109857 | ||
| 020 | _a9786071203847 | ||
| 040 | _cCHAP | ||
| 082 | 0 | 4 |
_a863 _bK31 |
| 245 | 0 | 0 |
_aKeman ti monojnotsa iuan to iknijua, ti moixpetaniyaj = _bHablando se entiende la gente: cuentos relatos y poesías nahuas / _ccoordinado por Elia Patlán Martínez. |
| 260 |
_aChapingo, Méx. : _bUniversidad Autónoma Chapingo, _c2014. |
||
| 300 |
_a85 p. : _bil. |
||
| 590 |
_aE11695DGD _b10 _c20160328 _lUCH01 _h1056 |
||
| 590 |
_aE11695DGD _b10 _c20160328 _lUCH01 _h1059 |
||
| 590 |
_aE5652GLJ _b05 _c20160316 _lUCH01 _h1051 |
||
| 650 | 1 | 4 |
_aCuentos mexicanos. _930097 |
| 650 | 1 | 4 |
_aLiteratura nahuatl. _967140 |
| 650 | 1 | 4 |
_aNahuas _xVida social y costumbres. _980062 |
| 700 | 0 |
_aPatlán Martínez, Elia _ecord. _986188 |
|
| 901 | _aBK | ||
| 942 | _cLIBRO | ||
| 942 | _n0 | ||
| 999 |
_c108885 _d108885 |
||